Statistics for Color Revolutions

Click here to take the quiz!

General Stats

  • This quiz has been taken 45 times
    (39 since last reset)
  • The average score is 26 of 38

Answer Stats

YearNameResultCountry% Correct
2011Jasmine RevolutionFailChina
94%
1989Tiananmen Square ProtestsFailChina
94%
2014Umbrella RevolutionFailChina/Hong Kong
94%
2011Arab SpringSuccessEgypt
94%
2019Smile RevolutionFailAlgeria
89%
2022Riots in AlmatyUnknownKazakhstan
89%
2010Date RevolutionSuccessTunisia
89%
2004Orange RevolutionSuccessUkraine
89%
2014EuromaidanSuccessUkraine
89%
2015Electric YerevanFailArmenia
83%
2018Armenian MaidanSuccessArmenia
83%
2009Green RevolutionFailIran
83%
2011Arab SpringSuccessLibya
83%
2006Cactus RevolutionFailMexico
83%
2003Rose RevolutionSuccessGeorgia
78%
2011Arab SpringFailSyria
78%
2005Purple RevolutionSuccessIraq
72%
2011Marsh RevolutionFailRussia
72%
2021Brush RevolutionFailRussia
72%
2011Arab SpringSuccessYemen
72%
2020Gasket RevolutionFailBelarus
67%
2006Cornflower RevolutionFailBelarus
67%
2016Impeachment of Dilma RousseffSuccessBrazil
67%
1989Velvet RevolutionSuccessCzechoslovakia
67%
2005Cedar RevolutionSuccessLebanon
67%
2010Melon RevolutionSuccessKyrgyzstan
61%
2005Tulip RevolutionSuccessKyrgyzstan
61%
1974Carnation RevolutionSuccessPortugal
56%
2011Arab SpringFailBahrain
50%
2018Assembly RevolutionFailVenezuela
50%
2000Bulldozer RevolutionSuccessYugoslavia
50%
2007Saffron RevolutionFailMyanmar
44%
1986Yellow RevolutionSuccessPhilippines
44%
2016Candle RevolutionSuccessSouth Korea
44%
2015Chrysanthemum RevolutionSuccessMoldova
39%
2009Lilac RevolutionSuccessMoldova
39%
2022Revolution of truckersUnknownCanada
28%
2016Paint RevolutionSuccessMacedonia
28%

Score Distribution

Percentile by Number Answered

Percent of People with Each Score

Your Score History

You have not taken this quiz since the last reset